00318nam a2200109Ia 45000010005000000080041000050200022000460820038000681000025001062450052001312600025001832697241024s9999 xx 000 0 und d a978-9945-074-74-1 aRD/972.93053/AC185d/1940-49/t.2v3 aEliades Acosta Matos 0aLa Dictadura de Trujillo documentos (1940-1949) bEditora Búhoc2012